[Event "Yinzhou Cup 2011 World ChessTeam ch"]
[Site "Ningbo CHN"]
[Date "2011.07.19"]
[Round "3.22"]
[White "Onischuk, Alexander"]
[Black "Amin, Bassem"]
[Result "1-0"]
[WhiteElo "2675"]
[BlackElo "2609"]
[PlyCount "67"]
[EventDate "2011.07.17"]
[EventType "team"]
[EventRounds "9"]
[EventCountry "CHN"]
[Source "lmi"]
[SourceDate "2011.07.17"]
[WhiteTeam "USA"]
[BlackTeam "Egypt"]
[WhiteTeamCountry "USA"]

1. d4 Nf6 2. c4 e6 3. Nc3 Bb4 4. e3 c5 5. Nge2 b6 6. a3 Ba5 7. Rb1 Na6 8. d5
exd5 9. cxd5 O-O 10. Ng3 Bb7 11. Bxa6 Bxc3+ 12. bxc3 Bxa6 13. f3 d6 14. e4 Nd7
15. Bf4 Ne5 16. Bxe5 dxe5 17. Kf2 g6 18. Re1 Qd6 19. Qd2 Rad8 20. Rbd1 Qe7 21.
Qa2 h5 22. c4 Qh4 23. Kg1 Rd6 24. a4 Qf4 25. Nf1 h4 26. h3 Qg5 27. Qd2 Qd8 28.
f4 Re8 29. Nh2 f6 30. fxe5 fxe5 31. Rc1 Rf8 32. Ng4 Qe7 33. Rf1 Rdd8 34. Qh6
1-0

[Event "Yinzhou Cup 2011 World ChessTeam ch"]
[Site "Ningbo CHN"]
[Date "2011.07.26"]
[Round "9.34"]
[White "Ezat, Mohamed"]
[Black "Guseinov, Gadir"]
[Result "1/2-1/2"]
[WhiteElo "2430"]
[BlackElo "2625"]
[PlyCount "106"]
[EventDate "2011.07.17"]
[EventType "team"]
[EventRounds "9"]
[EventCountry "CHN"]
[Source "lmi"]
[SourceDate "2011.07.17"]
[WhiteTeam "Egypt"]
[BlackTeam "Azerbaijan"]

1. d4 Nf6 2. c4 g6 3. Nc3 Bg7 4. e4 d6 5. Be2 O-O 6. Nf3 Bg4 7. Be3 Nfd7 8. Rc1
a6 9. d5 c5 10. a4 b5 11. axb5 axb5 12. cxb5 Nb6 13. Qc2 N8d7 14. O-O Bxf3 15.
Bxf3 Nc4 16. Bf4 Qa5 17. Bg5 Rfe8 18. Be2 Qb4 19. Nd1 Nxb2 20. Rb1 Ra2 21. Nxb2
Rxb2 22. Rxb2 Qxb2 23. Qxb2 Bxb2 24. Rb1 Bf6 25. b6 Rb8 26. Bxf6 Nxf6 27. f3
Kf8 28. b7 Nd7 29. Kf2 Ke8 30. Ke3 Kd8 31. Ba6 Kc7 32. h4 h6 33. g3 g5 34. Rb2
gxh4 35. gxh4 Rg8 36. Kf2 Nb6 37. Rb1 e6 38. dxe6 fxe6 39. f4 d5 40. f5 exf5
41. exd5 Nxd5 42. Rb5 Kb8 43. Rxc5 Nc7 44. Be2 Kxb7 45. Bf3+ Kc8 46. Rxf5 Kd7
47. Rf7+ Kd6 48. Rf6+ Ke5 49. Rxh6 Ne6 50. Rh5+ Kf6 51. Be4 Rb8 52. Rf5+ Kg7
53. h5 Rf8 1/2-1/2